| 000 | 00608nam a22001577a 4500 | ||
|---|---|---|---|
| 999 |
_c534162 _d534162 |
||
| 020 | _qHard Cover. | ||
| 082 | _a620.44 | ||
| 100 | _aSana, Hurain Syyeda | ||
| 245 |
_aSynthesis and Characterization of Titania (TiO2) Thin Films and NPs Sol-Gel and UAACVD for Photocatalytic Degradation of B-Naphthol in UV-light. _cSyyeda Sana Hurain. |
||
| 260 |
_aIslamabad : _bSCME - NUST, _c2013. |
||
| 300 |
_axvi, 65p. ill. ; _c30cm. |
||
| 942 |
_2ddc _cTHE |
||
| 650 |
_aMaterials and Surface Engineering MS-Thesis. _916159 |
||
| 700 |
_aDr. Amir Habib. _919483 |
||